000 00432nam a2200169Ia 4500
008 230524s9999 xx 000 0 und d
020 _a8185749450
082 _a363.7
_bDHA
100 _aSuresh K. Dhameja
_941987
245 0 _aEnvironmental Engineering and Management
250 _a1
260 _aNew Delhi
_bKatson
_c2012
300 _a"XVII,496p;"
500 _aQuantity Number: 1
650 _aEnvironmental
942 _cBK
999 _c56403
_d56403